La ideología norteamericana sobre inversiones extranjeras

Guardado en:
書目詳細資料
主要作者: González Casanova, Pablo
格式: Texto
出版: México D.F.: UNAM
標簽: 添加標簽
沒有標簽, 成為第一個標記此記錄!

MARC

LEADER 00000 a a2200000 04500
001 24503
003
040 |a CRAI/IIS  |c CRAI/IIS 
090 |a 172200  
100 |a González Casanova, Pablo  
245 |a La ideología norteamericana sobre inversiones extranjeras  
260 |a México D.F.:   |b UNAM  
300 |a 190 p.  
999 |c 7814  |d 7814